Riskovanie v podnikateľskej činnosti a úloha obchodného a finančného práva
Základné poznatky o riziku ako vedeckej kategórii. Vymedzenie rizika. Vzťah medzi riskovaním a právom. Zmysel racionálneho riskovania. Problém zneužitia resp. nevyužitia riskovania vlastníkom podniku.
Na minha lista:
| Autor principal: | |
|---|---|
| Formato: | Capítulo de Livro |
| Idioma: | eslovaco |
| Assuntos: | |
| Tags: |
Sem tags, seja o primeiro a adicionar uma tag!
|
MARC
| LEADER | 00000naa a2200000 4500 | ||
|---|---|---|---|
| 001 | r043944 | ||
| 005 | 20230929080948.6 | ||
| 041 | 0 | |a slo | |
| 044 | |a SK | ||
| 245 | 1 | 0 | |a Riskovanie v podnikateľskej činnosti a úloha obchodného a finančného práva |c Jozef Šebek |
| 520 | |a Základné poznatky o riziku ako vedeckej kategórii. Vymedzenie rizika. Vzťah medzi riskovaním a právom. Zmysel racionálneho riskovania. Problém zneužitia resp. nevyužitia riskovania vlastníkom podniku. | ||
| 610 | 2 | 0 | |a riziko |
| 610 | 2 | 0 | |a podnikanie |
| 610 | 2 | 0 | |a teórie ekonomické |
| 610 | 2 | 0 | |a manažment |
| 610 | 2 | 0 | |a právo |
| 610 | 2 | 0 | |a ekonómia |
| 610 | 2 | 0 | |a riziko podnikateľské |
| 100 | 1 | |a Šebek, Jozef | |